Los acuerdos sobre productos básicos: evolución histórica, naturaleza jurídica y resultados
Guardat en:
| Autor principal: | |
|---|---|
| Format: | Llibre |
| Idioma: | espanyol |
| Publicat: |
Santiago
Universitaria
1980
|
| Col·lecció: | Estudios Internacionales
|
| Matèries: | |
| Etiquetes: |
Afegir etiqueta
Sense etiquetes, Sigues el primer a etiquetar aquest registre!
|
MARC
| LEADER | 00000nam a2200000 a 4500 | ||
|---|---|---|---|
| 001 | UCV0488 | ||
| 003 | CL-VaPUC | ||
| 008 | 881006e19800000CL |||||||||||||||||spa|d | ||
| 082 | 0 | 4 | |a 341.754 |b BOR |2 21 |
| 100 | 0 | |a Bordeu Schwarze, Rebeca |e author |9 294977 | |
| 245 | 1 | 4 | |a Los acuerdos sobre productos básicos: evolución histórica, naturaleza jurídica y resultados |
| 300 | |a 94 p | ||
| 942 | |c BK | ||
| 945 | |d 19881006 00:00:00 | ||
| 260 | |a Santiago |b Universitaria |c 1980 | ||
| 650 | 7 | |a INTEGRACION ECONOMICA INTERNACIONAL |2 CL-VaPUC |9 255243 | |
| 650 | 0 | |a Productos básicos |9 255244 | |
| 650 | 7 | |a UNCTAD |2 CL-VaPUC |9 255245 | |
| 583 | |a last modification |c 19881006 00:00:00 |k Rodrigo Vera | ||
| 490 | 0 | |a Estudios Internacionales | |
| 999 | |c 208927 |d 208925 | ||
| 952 | |0 0 |1 0 |4 0 |6 341_754000000000000_BOR_1980 |7 0 |8 A |9 183938 |a BIBDER |b BIBDER |d 2019-11-14 |i 2508605 |o 341.754 BOR 1980 |p 2508605 |r 2023-01-25 |w 2019-11-14 |y BK |k DER | ||